000 00495nam a22001697a 4500
005 20251108164047.0
008 250721s1999 xx 000 0 ara d
082 1 4 _a635/هلا
100 1 _aهلال، رفعت محمد
245 1 0 _aإنتاج و تربية القرعيات /
264 1 _aالقاهرة :
_bالمكتبة الاكاديمية،
_c1999.
300 _a283ص
650 1 7 _aالخضروات
650 1 7 _aالخضروات القرعية
942 _2ddc
_cBK
999 _c2588
_d2588